[Event "Bucharest"]
[Site "Bucharest"]
[Date "1993.??.??"]
[Round "?"]
[White "Tseitlin, Mikhail S"]
[Black "Neverov, Valeriy"]
[Result "0-1"]
[WhiteElo "2485"]
[BlackElo "2550"]

1.e4 c5 2.Nf3 Nc6 3.Bb5 g6 4.O-O Bg7 5.Re1 Nf6 6.c3 O-O 7.h3 e5 8.Na3 d6
9.Nc2 Re8 10.d3 a6 11.Bxc6 bxc6 12.Bg5 h6 13.Bd2 Nh5 14.Qc1 g5 15.d4 exd4
16.cxd4 cxd4 17.Ncxd4 c5 18.Nf5 Bxf5 19.exf5 Rxe1+ 20.Nxe1 Rb8 21.Nd3 Qf6
22.Qc4 Qd4 23.Qxd4 Bxd4 24.g4 c4 25.gxh5 cxd3 26.Bc3 Bxc3 27.bxc3 Rc8 28.f6 Rxc3
29.Rd1 Kf8 30.h4 gxh4 31.f4 Ke8 32.Kf2 Kd7 33.Re1 d2 34.Re7+ Kc6 35.Ke2 h3
36.Kxd2 h2 37.Re1 Rh3 38.Rh1 Kd5 39.Ke2 Ke6 40.Kf2 Kxf6  0-1

[Event "Bucharest"]
[Site "Bucharest"]
[Date "1993.??.??"]
[Round "?"]
[White "Gagarin, Vasilij"]
[Black "Moldovan, Daniel"]
[Result "1/2-1/2"]
[WhiteElo "2450"]
[BlackElo "2435"]

1.e4 c5 2.Nf3 Nc6 3.Bb5 g6 4.Bxc6 dxc6 5.d3 Bg7 6.h3 Nf6 7.Nc3 O-O 8.Be3 b6
9.Qd2 e5 10.Bh6 Qd6 11.Bxg7 Kxg7 12.Qe3 Be6 13.Ne2 Rad8 14.Nd2 Nh5 15.g3 Rd7
16.b3 b5 17.f4 exf4 18.gxf4 f5 19.O-O Qe7 20.Kh2 fxe4 21.Nxe4 Bf5 22.Rae1 Re8
23.N2g3 Nxg3 24.Qxg3 Qf8 25.Ng5 Rxe1 26.Rxe1 c4 27.dxc4 Qf6 28.Qe3 bxc4 29.Re2 cxb3
30.axb3 Qd4 31.Qxd4+ Rxd4 32.Re7+ Kf8 33.Rxa7 Rd2+ 34.Kg3 h6 35.Nh7+ Ke8
36.Nf6+ Kd8 37.Ng4 Rxc2 38.Nxh6 Rc3+ 39.Kf2 Rxh3 40.Nxf5 gxf5  1/2-1/2

[Event "Bucharest schev"]
[Site "Bucharest"]
[Date "1993.??.??"]
[Round "?"]
[White "Skripchenko, Almira"]
[Black "Vlad, Decebal"]
[Result "1/2-1/2"]
[WhiteElo "2190"]
[BlackElo "2405"]

1.e4 c5 2.Nf3 Nc6 3.Bb5 g6 4.Bxc6 bxc6 5.O-O Bg7 6.Re1 Nh6 7.c3 O-O 8.d4 cxd4
9.cxd4 f6 10.Nc3 d6 11.h3 Nf7 12.b3 Qa5 13.Bb2 Qa6 14.Rc1 e5 15.Na4 Be6 16.Re2 Rac8
17.Ba3 Rfd8 18.Qe1 exd4 19.Nxd4 Bd7 20.Nc2 c5  1/2-1/2

[Event "Bucharest schev"]
[Site "Bucharest"]
[Date "1993.??.??"]
[Round "?"]
[White "Skripchenko, Almira"]
[Black "Shumiakina, Tatiana"]
[Result "1/2-1/2"]
[WhiteElo "2190"]
[BlackElo "2305"]

1.e4 c5 2.Nf3 Nc6 3.Bb5 e6 4.O-O Nge7 5.c3 a6 6.Ba4 b5 7.Bc2 Bb7 8.d4 cxd4
9.cxd4 Nb4 10.Nc3 Nxc2 11.Qxc2 Ng6 12.Bg5 f6 13.Be3 Be7 14.Rad1 d5 15.e5 O-O
16.Ne2 Rc8 17.Qd2 f5 18.Bg5 b4 19.Rc1 Qd7 20.Bxe7 Qxe7 21.Rxc8 Rxc8 22.Rc1 Rc6  1/2-1/2

[Event "Bucharest schev"]
[Site "Bucharest"]
[Date "1993.??.??"]
[Round "?"]
[White "Iordachescu, Viorel"]
[Black "Bets, Anatolij"]
[Result "1/2-1/2"]
[WhiteElo "2305"]
[BlackElo "2260"]

1.e4 c5 2.Nf3 Nc6 3.Bb5 g6 4.Bxc6 dxc6 5.h3 Bg7 6.d3 e5 7.Be3 Qe7 8.a4 a5
9.Na3 Be6 10.Ng5 Bd7 11.Nc4 f6 12.Nf3 Be6 13.b3 Bh6 14.Bxh6 Nxh6 15.Nxa5 Nf7
16.Nc4 Bxc4 17.bxc4 O-O 18.Nd2 b6 19.O-O Ra6 20.Qb1 Rfa8 21.Qb2 Qc7 22.Rfb1 Ng5
23.Ra3 Ne6 24.Rb3 Rxa4 25.Rxb6 Ra2 26.Rb8+ Qxb8 27.Qxb8+ Rxb8 28.Rxb8+ Kg7
29.Rb7+ Kh6 30.Nb3 Rxc2 31.Re7 Nf4 32.Nxc5 Rc1+ 33.Kh2 Rf1 34.Nd7 Rxf2 35.Nxf6 Rxg2+
36.Kh1 Rg3 37.h4 Rh3+ 38.Kg1 Rxh4 39.Kf2 Rh3 40.Ng4+  1/2-1/2

[Event "Bucharest Tim"]
[Site "Bucharest"]
[Date "1993.??.??"]
[Round "2"]
[White "Iordachescu, Viorel"]
[Black "Lisenko, Alexander V"]
[Result "1-0"]
[WhiteElo "2305"]
[BlackElo "2400"]

1.e4 c5 2.Nf3 Nc6 3.Bb5 g6 4.Bxc6 dxc6 5.h3 Bg7 6.d3 e5 7.Be3 b6 8.Nbd2 Ne7
9.a4 a5 10.Nc4 f6 11.b4 axb4 12.a5 bxa5 13.Bxc5 O-O 14.Bxb4 a4 15.O-O Qc7
16.Bd6 Qa7 17.Nb2 Be6 18.Nxa4 Rfd8 19.Bc5 Qd7 20.Bb6 Rdb8 21.Nc5 Qc8 22.Nxe6 Rxb6
23.Nxg7 Kxg7 24.Nd2 Rba6 25.Rxa6 Qxa6 26.Nb3 Qb5 27.Qg4 f5 28.Qg5 Ra7 29.exf5 Nxf5
30.Re1 Qd5 31.Re4 Rf7 32.Rc4 h6 33.Qd2 Nd4 34.Nc5 Rf4 35.Nb3 Nxb3 36.cxb3 Rd4
37.Ra4 Qd7 38.Qe3 Rxd3 39.Ra7  1-0

[Event "Bucharest TIT-2 (Women)"]
[Site "Bucharest"]
[Date "1993.??.??"]
[Round "2"]
[White "Susterman, Anja"]
[Black "Ghinda, Eugenia"]
[Result "1/2-1/2"]
[WhiteElo "2190"]
[BlackElo "2160"]

1.e4 c5 2.Nf3 Nc6 3.Bb5 d6 4.d4 cxd4 5.Qxd4 Qd7 6.Bxc6 bxc6 7.c4 e5 8.Qd3 Be7
9.O-O Nf6 10.Nc3 Ba6 11.Rd1 Rd8 12.b3 O-O 13.Ba3 Rfe8 14.Rac1 Qc7 15.Qe3 Ng4
16.Qe1 Qa5 17.Bb2 Bf8 18.h3 Nf6 19.Qe3 Bb7 20.Na4 Qc7 21.Bc3 Qb8 22.Re1 Nd7
23.Ba5 Rc8 24.Rcd1 Nf6 25.Bc3 Qa8 26.Qg5 c5 27.Nd2 Nxe4 28.Nxe4 Bxe4 29.Ba5 Re6
30.Rxe4 Qxe4 31.Nc3 Qg6 32.Qxg6 hxg6 33.Nb5 a6 34.Nc7 Re7 35.Nd5 Rb7 36.f3 f5
37.Kf2 Kf7 38.Ke3 Be7 39.Kd3 Rh8 40.Ke2 Rh4 41.Be1 Rh8 42.Ba5 Bd8 43.Be1 Re8
44.Bc3 Ke6 45.Rg1 Rh8 46.Rd1 a5 47.Kd3 a4 48.Kc2 axb3+ 49.axb3 Ra7 50.Bb2 Rh4
51.Re1 Rh8 52.Nf4+ Kf7 53.Nd5 Bh4 54.Rd1 Bf2 55.Nb6 Bd4 56.Na4 Rh4 57.Bc3 Bxc3
58.Nxc3 Rd4 59.Re1 Ra6 60.g3 Ra8 61.Rb1 g5 62.Rf1 g6 63.Rh1 Rh8 64.Nb5 Ra8
65.Nxd4 exd4 66.Kb2 Re8 67.Rh2 Re3 68.Rf2 Ke6 69.Kc2 Ke5 70.Kb2 g4 71.fxg4 fxg4
72.hxg4 Rxg3 73.Re2+ Re3 74.Rf2 Re4 75.g5 Rf4 76.Re2+ Kf5 77.b4 cxb4 78.Kb3 Re4
79.Rg2 Re3+ 80.Kxb4 Ke4 81.Rg4+ Ke5 82.Rg2 Kf4 83.Rg1 Rg3 84.Rf1+ Ke3 85.Rf6 Rxg5
86.Rxd6 Rg1 87.c5 d3 88.Re6+ Kd4 89.Rd6+ Ke4 90.Re6+ Kd4 91.Rd6+ Ke3 92.Re6+ Kd2
93.c6 g5 94.Re5  1/2-1/2

[Event "Bucharest ENE"]
[Site "Bucharest"]
[Date "1993.??.??"]
[Round "3"]
[White "Nevednichy, Vladislav"]
[Black "Bogdan, Dan"]
[Result "1-0"]
[WhiteElo "2535"]
[BlackElo "2295"]

1.e4 c5 2.Nf3 Nc6 3.Bb5 g6 4.Bxc6 dxc6 5.h3 Bg7 6.d3 e5 7.Be3 Qe7 8.Qd2 Nf6
9.Nc3 O-O 10.O-O-O a5 11.Bh6 Nd7 12.Bxg7 Kxg7 13.Nh2 b5 14.f4 f6 15.f5 Qf7
16.Ng4 a4 17.Qh6+ Kg8 18.Qe3 Kg7 19.Qh6+ Kg8 20.fxg6 hxg6 21.Rhf1 b4 22.Nb1 b3
23.cxb3 axb3 24.a3 Ra4 25.Rf3 Rd4 26.Rdf1 Ba6 27.Qh4 g5 28.Qg3 Qe6 29.Nc3 c4
30.dxc4 Bxc4 31.R1f2 Qd6 32.h4 Bd3 33.Nh6+ Kh8 34.Nf5 Qc5 35.hxg5 Bc2 36.Qh4+ Kg8
37.g6  1-0

[Event "Bucharest1"]
[Site "Bucharest"]
[Date "1993.??.??"]
[Round "3"]
[White "Le Bellac, Pascal"]
[Black "Grigore, George"]
[Result "0-1"]
[WhiteElo "2215"]
[BlackElo "2455"]

1.e4 c5 2.Nf3 Nc6 3.Bb5 g6 4.O-O Bg7 5.c3 Nf6 6.Re1 O-O 7.h3 a6 8.Bxc6 bxc6
9.d4 cxd4 10.cxd4 d6 11.Nc3 Rb8 12.Qe2 Nd7 13.e5 c5 14.e6 cxd4 15.exd7 Qxd7
16.Nd1 e5 17.Bg5 Bb7 18.Nh2 h6 19.Bh4 f5 20.f3 Rbc8 21.Rb1 d5 22.b3 e4 23.Nb2 Rc3
24.Rec1 d3 25.Qd2 d4 26.Nd1 e3  0-1

[Event "Bucharest Tim"]
[Site "Bucharest"]
[Date "1993.??.??"]
[Round "3"]
[White "Ardeleanu, Alin"]
[Black "Salgado Allaria, Carlos"]
[Result "1-0"]
[WhiteElo "2355"]
[BlackElo "2205"]

1.e4 c5 2.Nf3 Nc6 3.Bb5 e6 4.Bxc6 bxc6 5.d3 d5 6.e5 Ne7 7.h4 Ba6 8.h5 c4
9.d4 c5 10.c3 Qa5 11.dxc5 Nc6 12.h6 g6 13.Bg5 Bxc5 14.Bf6 O-O 15.Nbd2 Qb6
16.O-O Qxb2 17.Rc1 Rfb8 18.Ng5 Bf8 19.Rc2 Qa3 20.Qg4 Bc8 21.Qh4 Be7 22.Nxh7 Kxh7
23.Nf3 Bxf6 24.Qxf6 Kxh6 25.Qh8+  1-0

[Event "Bucharest2"]
[Site "Bucharest"]
[Date "1993.??.??"]
[Round "3"]
[White "Stefanov, Parik"]
[Black "Gilbert, Christophe"]
[Result "1-0"]
[WhiteElo "2355"]
[BlackElo "2100"]

1.e4 c5 2.Nf3 Nc6 3.Bb5 g6 4.O-O Bg7 5.c3 a6 6.Bxc6 bxc6 7.d4 cxd4 8.cxd4 Nf6
9.Nc3 O-O 10.h3 d6 11.Re1 Rb8 12.b3 Qa5 13.Bb2 Qh5 14.e5 Nd5 15.Ne4 f5 16.Ng3 Qh6
17.Rc1 g5 18.exd6 exd6 19.Rxc6 Bb7 20.Rc4 Nf4 21.Bc1 Nxh3+ 22.gxh3 Qxh3 23.d5 h6
24.Rc7 Bf6 25.Qd3 Bc8 26.Qe2 f4 27.Qe4 Bd7 28.Qg6+ Bg7 29.Re7  1-0

[Event "Bucharest2"]
[Site "Bucharest"]
[Date "1993.??.??"]
[Round "5"]
[White "Nevednichy, Vladislav"]
[Black "Gilbert, Christophe"]
[Result "1/2-1/2"]
[WhiteElo "2495"]
[BlackElo "2100"]

1.e4 c5 2.Nf3 Nc6 3.Bb5 g6 4.Bxc6 dxc6 5.h3 Bg7 6.d3 e5 7.Be3 Qe7 8.Qd2 Nf6
9.Bh6 O-O 10.Bxg7 Kxg7 11.Nc3 a5 12.a4 Ne8 13.Ne2 f6 14.O-O Be6 15.Qc3 b6
16.Nd2 g5 17.Ng3 Nd6 18.b3 Kg6 19.Nc4 Rfb8 20.Ne3 h5 21.h4 gxh4 22.Ne2 Rg8
23.f3 Raf8 24.Kf2 Kf7 25.Rh1 h3 26.Rag1 hxg2 27.Rxh5 Ke8 28.Rxg2 Rxg2+ 29.Nxg2 Qg7
30.Ne3 Rh8 31.Rxh8+ Qxh8 32.Nf1 Qh4+ 33.Nfg3 Qh2+ 34.Ke3 Ke7 35.Qe1 Nf7 36.Qh1 Qxh1
37.Nxh1 f5 38.exf5 Bxf5 39.Nhg3 Nh6 40.Nc3 Ke6 41.Nce4 Nf7 42.Nd2 Nd6 43.Nc4 Nxc4+
44.bxc4 Bg6 45.Ne4 Bh5 46.c3 Be8 47.Nd2 Bg6 48.Nb3 Bf5 49.Kd2 Bh3 50.Ke3 Bf5  1/2-1/2

[Event "Bucharest TIT-2 (Women)"]
[Site "Bucharest"]
[Date "1993.??.??"]
[Round "6"]
[White "Susterman, Anja"]
[Black "Dekusar, Maria"]
[Result "1-0"]
[WhiteElo "2190"]
[BlackElo "2100"]

1.e4 c5 2.Nf3 Nc6 3.Bb5 e6 4.O-O Nge7 5.Nc3 Nd4 6.Bd3 Nec6 7.Nxd4 cxd4 8.Ne2 g6
9.c3 Bg7 10.f4 O-O 11.Bc2 Qb6 12.Kh1 f5 13.exf5 exf5 14.Bb3+ Kh8 15.Ng1 d6
16.Nf3 Bd7 17.Ng5 Bf6 18.d3 Kg7 19.Bd2 Rae8 20.Re1 h6 21.Ne6+ Bxe6 22.Bxe6 Nd8
23.Bd5 Qxb2 24.Rb1 Qa3 25.Rb3 Qa6 26.cxd4 b6 27.Rc3 Bxd4 28.Rc7+ Kf6 29.Be3 Rxe3
30.Rxe3 Qa5 31.Bb3 d5 32.Ree7 Bc5 33.Qe2 Qc3 34.Rc6+  1-0

[Event "Bucharest ENE"]
[Site "Bucharest"]
[Date "1993.??.??"]
[Round "6"]
[White "Panchenko, Alexander N"]
[Black "Bogdan, Dan"]
[Result "1/2-1/2"]
[WhiteElo "2475"]
[BlackElo "2295"]

1.e4 c5 2.Nf3 Nc6 3.Bb5 g6 4.O-O Bg7 5.Re1 e5 6.Bxc6 bxc6 7.c3 Ne7 8.d4 cxd4
9.cxd4 exd4 10.Nxd4 O-O 11.Nc3 h6 12.Be3 d5 13.exd5 cxd5 14.Qd2 Kh7 15.Rad1 Re8
16.h3 Bb7 17.Bf4 Nc6 18.Nxc6 Bxc6 19.Rxe8 Qxe8 20.Be3 h5 21.Re1 Qd7 22.Bd4 Bh6
23.Qe2 Qf5 24.Qa6 Qd7 25.Rd1 Bg5 26.b4 Bb7 27.Qd3 Qe6 28.Nb5 Bf4 29.Qf3 Qe4
30.Qxe4 dxe4 31.Be3 Bxe3 32.fxe3 Bc6 33.Nd4 Bd5 34.a3 Rc8 35.Nb5 Be6 36.Nxa7 Rc3
37.a4 Rxe3 38.a5 Ra3 39.Nc6 e3 40.b5 Bb3 41.Rb1 Bc2 42.Re1 Be4 43.a6 Bxc6
44.bxc6 Rxa6 45.Rc1 Ra8 46.Kf1 Kg7 47.Ke2 Kf6 48.c7 Rc8 49.Kxe3 Ke5 50.g4  1/2-1/2

[Event "Bucharest (Women)"]
[Site "Bucharest"]
[Date "1993.??.??"]
[Round "7"]
[White "Sheremetieva, Marina"]
[Black "Baciu Ionescu, Otilia"]
[Result "1-0"]
[WhiteElo "2255"]
[BlackElo "2160"]

1.e4 c5 2.Nf3 Nc6 3.Bb5 e6 4.Bxc6 bxc6 5.O-O d5 6.Re1 Qc7 7.c3 Be7 8.Qa4 Bd7
9.d3 h5 10.Nbd2 Nf6 11.e5 Ng4 12.h3 Nh6 13.Nb3 c4 14.dxc4 c5 15.Qa5 Qc8 16.Bg5 Bxg5
17.Nxg5 dxc4 18.Nxc5 Bc6 19.Nge4 Nf5 20.b4 Qb8 21.Na6 Qb7 22.Nc7+ Kf8 23.Nxa8 Qxa8
24.Rad1  1-0

[Event "Bucharest CCS (Women)"]
[Site "Bucharest"]
[Date "1993.??.??"]
[Round "7"]
[White "Diozu, Maia"]
[Black "Lupu, Mircea Sergiu"]
[Result "0-1"]
[WhiteElo "2020"]
[BlackElo "2175"]

1.e4 c5 2.Nf3 Nc6 3.Bb5 g6 4.Bxc6 dxc6 5.h3 Bg7 6.d3 e5 7.Nc3 Qe7 8.Be3 Nf6
9.Qd2 h6 10.O-O-O Nd7 11.Nh2 Nf8 12.Rhf1 Ne6 13.Ne2 Bd7 14.g3 O-O-O 15.Qa5 Kb8
16.f4 Nd4 17.Ng1 b6 18.Qd2 Be6 19.Ng4 Bxa2 20.Nxe5 Kb7 21.Bxd4 cxd4 22.Ngf3 Be6
23.g4 Qc5 24.Rde1 Rhf8 25.Kb1 b5 26.Qh2 Bc8 27.Nd2 Bxe5 28.fxe5 Be6 29.Rf6 a5
30.Nf3 a4 31.Qd2 Rh8 32.Rc1 a3 33.b4 Qe7 34.c3 dxc3 35.Qxc3 Rc8 36.Nd4 Qc5
37.Nxe6 fxe6 38.Qxa3 Ra8 39.Rf3 Ra4 40.Rcf1 Rha8 41.Kb2 Rd8 42.Rd1 Rd4  0-1

[Event "Bucharest ENE"]
[Site "Bucharest"]
[Date "1993.??.??"]
[Round "7"]
[White "Lupu, Mircea Sergiu"]
[Black "Panchenko, Alexander N"]
[Result "0-1"]
[WhiteElo "2400"]
[BlackElo "2475"]

1.e4 c5 2.Nf3 Nc6 3.Bb5 e6 4.Bxc6 bxc6 5.b3 Ne7 6.O-O Ng6 7.Re1 Be7 8.Bb2 O-O
9.d4 cxd4 10.Qxd4 e5 11.Qd2 d6 12.Nc3 Bg4 13.Re3 Nf4 14.Ne2 f5 15.exf5 Rxf5
16.Nxf4 Rxf4 17.Qc3 Qb6 18.Nd2 Raf8 19.Rf1 R4f7 20.h3 Bh5 21.Nc4 Qc7 22.Ba3 c5
23.Ree1 Bh4 24.Qd2 Bxf2+ 25.Rxf2 Rxf2 26.Qxf2 Rxf2 27.Kxf2  0-1

[Event "Bucharest1"]
[Site "Bucharest"]
[Date "1993.??.??"]
[Round "8"]
[White "Hristodorescu, Daniel"]
[Black "Bogdan, Dan"]
[Result "0-1"]
[WhiteElo "2335"]
[BlackElo "2290"]

1.e4 c5 2.Nf3 Nc6 3.Bb5 g6 4.O-O Bg7 5.Re1 e5 6.c3 Nge7 7.d3 O-O 8.Be3 d6
9.Qd2 Bg4 10.Bh6 Bxf3 11.gxf3 f5 12.Bxg7 Kxg7 13.Na3 fxe4 14.fxe4 d5 15.exd5 Nxd5
16.Bxc6 bxc6 17.Rxe5 Qh4 18.Re4 Nf4 19.Kh1 Qg4 20.Rxf4 Qxf4  0-1

[Event "Bucharest TIT (Women)"]
[Site "Bucharest"]
[Date "1993.??.??"]
[Round "8"]
[White "Velikhanli, Firuza"]
[Black "Teodorescu, Margareta"]
[Result "1/2-1/2"]
[WhiteElo "2320"]
[BlackElo "2095"]

1.e4 c5 2.Nf3 Nc6 3.Bb5 g6 4.O-O Bg7 5.c3 a6 6.Ba4 b5 7.Bc2 e5 8.d3 d6 9.Be3 Nge7
10.d4 cxd4 11.cxd4 O-O 12.h3 d5 13.dxe5 Nxe5 14.Nxe5 Bxe5 15.Bd4 Bxd4 16.Qxd4 dxe4
17.Qxe4 Bf5 18.Qe2 Bxc2 19.Qxc2 Rc8 20.Qe2 Re8 21.Rd1 Qc7 22.Nc3 Nd5 23.Ne4 Qe5
24.f3 Nf6 25.Nxf6+ Qxf6  1/2-1/2

[Event "Bucharest TIT-2 (Women)"]
[Site "Bucharest"]
[Date "1993.??.??"]
[Round "8"]
[White "Diozu, Maia"]
[Black "Dekusar, Maria"]
[Result "0-1"]
[WhiteElo "2020"]
[BlackElo "2100"]

1.e4 c5 2.Nf3 Nc6 3.Bb5 e6 4.Bxc6 bxc6 5.d3 Ne7 6.h4 d6 7.e5 Ng6 8.exd6 Bxd6
9.Nc3 f5 10.g3 O-O 11.h5 Ne5 12.Nh2 c4 13.f4 Nf7 14.d4 c5 15.Be3 Bb7 16.O-O Qe7
17.Nf3 Nh6 18.dxc5 Bxc5 19.Bxc5 Qxc5+ 20.Qd4 Qc6 21.Rae1 Ng4 22.Ne2 Rfd8
23.Qc3 Qc5+ 24.Nfd4 Rd6 25.b4 Qb6 26.a4 a6 27.a5 Qa7 28.Qd2 Rad8 29.c3 Ba8
30.Qb2 Qb7 31.Nf3 Rd3  0-1

[Event "Bucharest Tim"]
[Site "Bucharest"]
[Date "1993.??.??"]
[Round "11"]
[White "Ardeleanu, Alin"]
[Black "Lisenko, Alexander V"]
[Result "0-1"]
[WhiteElo "2355"]
[BlackElo "2400"]

1.e4 c5 2.Nf3 Nc6 3.Bb5 Na5 4.d4 a6 5.Be2 cxd4 6.Nxd4 b5 7.O-O Bb7 8.a4 b4
9.c3 e6 10.cxb4 Bxb4 11.Bd2 Bxd2 12.Qxd2 Bxe4 13.Nc3 Nf6 14.b4 Nc6 15.Nxe4 Nxe4
16.Nxc6 Nxd2 17.Nxd8 Nxf1 18.Nb7 Nd2 19.Nc5 a5 20.Rd1 d6 21.Nb7 Ne4 22.bxa5 Ke7
23.Bb5 Rhc8 24.a6 Nc3 25.Re1 Nxa4 26.Bxa4 Rxa6 27.Bb5 Rb6  0-1

[Event "Bucharest Tim"]
[Site "Bucharest"]
[Date "1993.??.??"]
[Round "13"]
[White "Ardeleanu, Alin"]
[Black "Dumitrache, Dragos"]
[Result "1-0"]
[WhiteElo "2355"]
[BlackElo "2385"]

1.e4 c5 2.Nf3 Nc6 3.Bb5 g6 4.O-O Bg7 5.c3 e5 6.d4 exd4 7.cxd4 cxd4 8.Bf4 Nge7
9.Bd6 O-O 10.Nbd2 a6 11.Bc4 b5 12.Bd5 Bb7 13.Rc1 Nxd5 14.exd5 Ne7 15.Re1 Nxd5
16.Bxf8 Qxf8 17.Nb3 Nb4 18.a3 Bxf3 19.Qxf3 Nc6 20.Nc5 Qd6 21.Nd3 Rc8 22.Rc5 Bf8
23.g3 Qb8 24.Rcc1 Qd6 25.h4 h5 26.Kg2 Bg7 27.Rc5 Qb8 28.Qd5 d6  1-0

[Event "Budapest FS02 GM"]
[Site "Budapest"]
[Date "1993.??.??"]
[Round "?"]
[White "Bezold, Michael"]
[Black "Urban, Julian"]
[Result "1-0"]
[WhiteElo "2395"]
[BlackElo "2390"]

1.e4 c5 2.Nf3 Nc6 3.Bb5 a6 4.Bxc6 dxc6 5.d3 Qc7 6.h3 e5 7.a4 f6 8.a5 Be6
9.b3 O-O-O 10.Be3 g5 11.Nc3 Bd6 12.Na4 Ne7 13.Nxc5 Bxc5 14.Bxc5 Rdg8 15.Nd2 h5
16.Nc4 Ng6 17.Qd2 Bxc4 18.bxc4 Nh4 19.f3 Rh7 20.Qf2 Ng6 21.Kd2 Nf4 22.Be3 Ne6
23.Rhb1 Rd7 24.Rb6 Qd6 25.Kc1 g4 26.fxg4 hxg4 27.Kb2 gxh3 28.gxh3 Nf4 29.Bxf4 exf4
30.Rf1 Qe5+ 31.Kb1 Qxa5 32.Rb3 Rdg7 33.Qxf4 Rg1 34.Qxf6 Qc5 35.Rxg1 Rxg1+
36.Kb2 b5 37.cxb5 axb5 38.Qc3 Qd6 39.Rxb5 Qh6 40.Ra5 Qc1+ 41.Kb3 Qb1+ 42.Qb2  1-0

[Event "Spring op"]
[Site "Budapest"]
[Date "1993.??.??"]
[Round "1"]
[White "Kertesz, Zsolt"]
[Black "Petrosian, Karen"]
[Result "0-1"]
[WhiteElo "2120"]
[BlackElo "2440"]

1.e4 c5 2.Nf3 Nc6 3.Bb5 g6 4.O-O Bg7 5.c3 Nf6 6.d4 Nxe4 7.d5 Nd6 8.Bd3 c4
9.Bc2 Nb8 10.Re1 O-O 11.Bg5 f6 12.Bf4 Nf7 13.Na3 e5 14.dxe6 dxe6 15.Qe2 e5
16.Rad1 Qc7 17.Bc1 Bg4 18.h3 Bxf3 19.Qxf3 f5 20.Qd5 Rc8 21.Ba4 a6 22.Nxc4 Nc6
23.Bb3 Kh8 24.Qd7 b5 25.Ne3 Ra7 26.Be6 Rf8 27.Qxc7 Rxc7 28.Rd7 Rxd7 29.Bxd7 Ne7
30.Be6 Nd8 31.Bb3 Ndc6 32.Rd1 Bh6 33.Nd5 Bxc1 34.Rxc1 Nxd5 35.Bxd5 Ne7 36.Bb3 Rd8
37.Rd1 Rxd1+ 38.Bxd1 Nd5 39.Bb3 Nb6 40.Bc2 Kg7 41.Kf1 Kf6 42.Ke2 e4 43.g4 Ke5
44.gxf5 gxf5 45.f3 Nc4 46.fxe4 fxe4 47.b3 Na3 48.Bd1 Nb1 49.Ke3 Nxc3 50.Bg4 Nxa2
51.Bc8 a5 52.Bd7 Nc3 53.h4 a4 54.Kd2 Kd4 55.bxa4 bxa4  0-1

[Event "Budapest FS10 IM-A"]
[Site "Budapest"]
[Date "1993.??.??"]
[Round "1"]
[White "Estrada Nieto, Julian"]
[Black "Balogh, Bela"]
[Result "1/2-1/2"]
[WhiteElo "2230"]
[BlackElo "2255"]

1.e4 c5 2.Nf3 Nc6 3.Bb5 g6 4.O-O Bg7 5.c3 Nf6 6.Re1 a6 7.Bxc6 dxc6 8.d3 O-O
9.h3 Qc7 10.Be3 c4 11.e5 Nd5 12.dxc4 Nxe3 13.Rxe3 Be6 14.Nd4 Bxc4 15.Nd2 c5
16.Nxc4 Rad8 17.Rd3 cxd4 18.Rxd4 Rxd4 19.Qxd4 Rd8 20.Qb6 Qxb6 21.Nxb6 Bxe5
22.Nc4  1/2-1/2

[Event "Spring op"]
[Site "Budapest"]
[Date "1993.??.??"]
[Round "2"]
[White "Zagrebelny, Sergey"]
[Black "Tomcsanyi, Peter"]
[Result "1-0"]
[WhiteElo "2490"]
[BlackElo "2275"]

1.e4 c5 2.Nf3 Nc6 3.Bb5 d6 4.c3 Nf6 5.d3 Bd7 6.O-O e6 7.Re1 Ne5 8.Bxd7+ Nexd7
9.d4 cxd4 10.cxd4 d5 11.e5 Ne4 12.Nfd2 Nxd2 13.Nxd2 Qb6 14.Qg4 h5 15.Qf4 Bb4
16.a3 Be7 17.Nf3 Nf8 18.Bd2 Ng6 19.Qe3 Rc8 20.Bc3 a5 21.g3 Qd8 22.Rac1 Rc6
23.Qd2 b6 24.Qd3 O-O 25.Bd2 Qc7 26.Rxc6 Qxc6 27.Rc1 Qd7 28.Qa6 Bd8 29.Kg2 Qa4
30.Rc3 Ne7 31.Bg5 Qd7 32.Nh4 Nf5 33.Bxd8 Qxd8 34.Nxf5 exf5 35.Qb7 f4 36.gxf4 Qh4
37.Qxd5 Qxf4 38.Rf3 Qg5+ 39.Rg3 Qf4 40.h3 Re8 41.Rf3 Qg5+ 42.Kh2 Re6 43.Qa8+ Kh7
44.Qe4+ Rg6 45.Rg3 Qd2 46.Kg2 Kg8 47.Rxg6  1-0

[Event "Budapest FS04 GM"]
[Site "Budapest"]
[Date "1993.??.??"]
[Round "2"]
[White "Zagrebelny, Sergey"]
[Black "Dolgener, Tobias"]
[Result "1-0"]
[WhiteElo "2490"]
[BlackElo "2270"]

1.e4 c5 2.Nf3 Nc6 3.Bb5 g6 4.Bxc6 bxc6 5.O-O Bg7 6.Re1 e5 7.c3 Ne7 8.d4 cxd4
9.cxd4 exd4 10.Nxd4 O-O 11.Nc3 Rb8 12.Nb3 Qc7 13.Bg5 d6 14.Rc1 Ba6 15.Qd2 f6
16.Bf4 Nc8 17.Nc5 Qb6 18.N3a4 Qb5 19.Nd7 Rb7 20.Nxf8 Bxf8 21.b3 Rf7 22.h3 Qb7
23.Qc2 g5 24.Bg3 c5 25.Nc3 h5 26.Nd5 h4 27.Bh2 f5 28.Qd1 fxe4 29.Rxe4 Nb6
30.Nc3 d5 31.Re5 Rg7 32.Nxd5 Nxd5 33.Qxd5+ Qxd5 34.Rxd5 g4 35.hxg4 Rxg4 36.f3 Rg6
37.Bf4 h3 38.Rg5 Rxg5 39.Bxg5 hxg2 40.Kxg2 Kf7 41.Be3  1-0

[Event "Budapest FS12 IM-B"]
[Site "Budapest"]
[Date "1993.??.??"]
[Round "3"]
[White "Mortazavi, Kazen"]
[Black "Kragelj, Igor"]
[Result "0-1"]
[WhiteElo "2230"]
[BlackElo "2305"]

1.e4 c5 2.Nf3 Nc6 3.Bb5 Na5 4.c3 a6 5.Ba4 b5 6.Bc2 e6 7.d4 cxd4 8.cxd4 Bb7
9.O-O Nf6 10.e5 Nd5 11.Nbd2 Be7 12.Ne4 h6 13.a3 d6 14.b3 Nc6 15.Qd3 Rc8 16.Bd2 dxe5
17.dxe5 Qc7 18.Nd6+ Bxd6 19.exd6 Qxd6 20.Bc3 Qf8 21.Rad1 Rd8 22.Bb2 Nf6 23.Qe3 Qe7
24.Rxd8+ Nxd8 25.Nd4 Nd5 26.Qg3 Qg5 27.Qxg5 hxg5 28.Nf3 f6 29.Re1 Kf7 30.a4 b4
31.Bd3 Nc6 32.Nd4 Nxd4 33.Bxd4 Nf4 34.Bc4 Bxg2 35.Bxa6 Bd5 36.Re3 Ra8 37.Bf1 Rc8
38.a5 Rc1 39.a6 Bg2 40.h4 Rxf1+  0-1

[Event "Budapest zt-B"]
[Site "Budapest"]
[Date "1993.??.??"]
[Round "5"]
[White "Sznapik, Aleksander"]
[Black "Spasov, Vasil"]
[Result "0-1"]
[WhiteElo "2440"]
[BlackElo "2520"]

1.e4 c5 2.Nf3 Nc6 3.Bb5 g6 4.O-O Bg7 5.c3 Nf6 6.Re1 O-O 7.d4 cxd4 8.cxd4 d5
9.e5 Ne4 10.Nc3 Bf5 11.Nh4 Bd7 12.Bf1 Nxc3 13.bxc3 Rc8 14.Qf3 Qa5 15.Re3 Nd8
16.Qg3 Bb5 17.Bd2 Bxf1 18.Rxf1 Qxa2 19.Bc1 b5 20.Qg4 Rc6 21.f4 b4 22.cxb4 Qa1
23.Qd1 Ne6 24.Rd3 Rb8 25.Qd2 Qb1 26.f5 Nf8 27.e6 fxe6 28.fxg6 hxg6 29.b5 Qxb5
30.Rdf3 Qc4 31.Qg5 Bxd4+ 32.Be3 Bf6 33.Rxf6 exf6 34.Qxf6 e5 35.Qf7+ Kh8 36.Bh6 Qc5+
37.Kh1 Rc7 38.Nxg6+ Nxg6 39.Qxg6 Qc4 40.Qf6+ Kh7 41.Bg5 Rb6 42.Qf5+ Rg6 43.h4 Qe4
44.Qf8 Rcg7 45.Rf3 Qg4 46.Qb8 Rh6 47.Rf8 Rxh4+ 48.Kg1 Qd4+  0-1

[Event "Budapest FS03 IM"]
[Site "Budapest"]
[Date "1993.??.??"]
[Round "6"]
[White "Soylu, Suat"]
[Black "Andresen, Steffen"]
[Result "1-0"]
[WhiteElo "2340"]
[BlackElo "2350"]

1.e4 c5 2.Nf3 Nc6 3.Bb5 d6 4.O-O Bd7 5.Re1 Nf6 6.h3 Ne5 7.Bxd7+ Nfxd7 8.Nxe5 dxe5
9.b3 e6 10.Bb2 Be7 11.Na3 Qb8 12.f4 exf4 13.Bxg7 Rg8 14.Bb2 Ne5 15.Nc4 Ng6
16.Qh5 Qc7 17.Qxh7 O-O-O 18.Qxf7 Qd7 19.Kh1 Rdf8 20.Qh7 b5 21.Ne5 Nxe5 22.Bxe5 Rg5
23.d4 cxd4 24.Bxd4 e5 25.Bf2 Rfg8 26.Rg1 Qe8 27.Qh6 R8g6 28.Qh4 Qf8 29.Bxa7 f3
30.g4 Rxg4 31.Qf2 Rg2 32.Rxg2 Rxg2 33.Qb6 Rxc2 34.Rd1 Bd6 35.Qxd6 Qxd6 36.Rxd6 Rxa2
37.Bc5 Re2 38.Rf6 Rxe4 39.Rxf3 Kd7 40.b4 Kc6 41.Kg2 Rh4 42.Kg3 Rh8 43.h4 Kd5
44.Rf8 Rh7 45.Rf6 e4 46.Kg4 Rg7+ 47.Kf5 Rg3 48.Rd6+  1-0

[Event "Budapest FS06 IM"]
[Site "Budapest"]
[Date "1993.??.??"]
[Round "8"]
[White "Berend, Fred"]
[Black "Czebe, Attila"]
[Result "1-0"]
[WhiteElo "2305"]
[BlackElo "2270"]

1.e4 c5 2.Nf3 Nc6 3.Bb5 Qb6 4.Nc3 Nd4 5.Bc4 d6 6.Nd5 Qd8 7.c3 Nxf3+ 8.Qxf3 e6
9.Ne3 a6 10.d4 b5 11.Bb3 g6 12.dxc5 dxc5 13.O-O Bb7 14.Rd1 Qc7 15.Nf1 Bg7
16.Bf4 Be5 17.Bg5 Ne7 18.Bf6 O-O 19.Bc2 Nf5 20.Bg5 Nd6 21.Qe2 b4 22.f4 Bg7
23.e5 Nb5 24.Rd3 bxc3 25.bxc3 Na3 26.Rh3 Nxc2 27.Qxc2 f6 28.exf6 Bxf6 29.Re3 Rae8
30.Rae1 Qc6 31.Ng3 Bg7 32.Rf1 h6 33.Bxh6 Bxh6 34.Qxg6+ Bg7 35.Nh5 Rf7 36.Rg3 Ree7
37.Rd1 Rd7 38.Re1 e5 39.Qxc6 Bxc6 40.fxe5 Rde7 41.Rg6 Bd5 42.Rxg7+ Rxg7 43.Nf6+ Kf7
44.Nxd5 Rb7 45.e6+ Ke8 46.e7 Rg6 47.c4 a5 48.h4 a4 49.h5 Rh6 50.g4  1-0

[Event "Budapest FS04 GM"]
[Site "Budapest"]
[Date "1993.??.??"]
[Round "8"]
[White "Zagrebelny, Sergey"]
[Black "Soos, Bela"]
[Result "0-1"]
[WhiteElo "2490"]
[BlackElo "2365"]

1.e4 c5 2.Nf3 Nc6 3.Bb5 g6 4.Bxc6 bxc6 5.O-O Bg7 6.Re1 f6 7.c3 Nh6 8.d4 cxd4
9.cxd4 Nf7 10.Qc2 O-O 11.Bf4 e5 12.Be3 Qa5 13.dxe5 fxe5 14.b4 Qa6 15.a4 Qb7
16.Nbd2 d6 17.Nc4 Bd7 18.Rab1 d5 19.Na5 Qa6 20.Rec1 Rfc8 21.Bc5 Bh6 22.Re1 dxe4
23.Rbd1 Bf5 24.Nh4 Bg4 25.f3 exf3 26.gxf3 Bh5 27.Rd7 Rd8 28.Red1 Rxd7 29.Rxd7 Rd8
30.Rxd8+ Nxd8 31.Qb3+ Kg7 32.Qd1 Qc8 33.Nc4 Nf7 34.Nd6 Qe6 35.Ne4 Bf4 36.Ng2 Qf5
37.Qe2 a6 38.a5 Bxh2+ 39.Kxh2 Bxf3  0-1